000 00602nam a2200193 4500
001 117688
003 ES-MaACL
005 20250415213641.0
007 t|
008 070214s1961 sp r ||||1| spa d
100 1 _aPapandreou, Andreas G.
_988865
245 1 3 _aLa Economía como ciencia /
_cAndreas G. Papandreou ; traducción de J. R. Lasuen y M. Sacristán.
260 _aBarcelona :
_bAriel,
_c1961.
300 _a159 p. ;
_c23 cm.
700 1 _aLasuen, J. R.
_970505
700 1 _aSacristán, Manuel,
_d1925-1985
_9101268
852 _aES-MaACL
_jC-21961
_bR.50079
999 _c117688
_d117688